Estadísticas para Capitales mundiales más cercanas a Zagreb

Haz click aquí para intentar la prueba.

Estadísticas generales

  • Esta prueba ha sido intentada 45 veces
  • La puntuación promedio es 16 de 20

Estadísticas de respuestas

kmcapital% Correcto
300Budapest
95%
517Roma
95%
368Belgrado
93%
269Viena
93%
291Sarajevo
90%
117Liubliana
88%
666Berna
86%
347San Marino
86%
489Praga
83%
588Tirana
83%
459Podgorica
81%
542Pristina
81%
769Berlín
79%
273Bratislava
79%
519Ciudad del
Vaticano
79%
680Sofía
71%
802Varsovia
71%
517Vaduz
69%
610Skopie
64%
714Mónaco
55%

Distribución de puntuación

Porcentaje por número respondido

Porcentaje de gente con cada puntuación

Historial de tus puntuaciones

No has intentado esta prueba.